000 00339nam a2200133Ia 4500
005 20260328101531.0
008 260328s9999||||xx |||||||||||||| ||und||
100 _aQuincy Jones, Archibald
245 0 _aBuilders' Homes /
_cArchibald Quincy Jones
260 _bReinhold
300 _a220 p.
650 _aARQUITECTURA INTERIOR
942 _cBK
999 _c9977
_d9977